| 000 | 00738nam a22002657a 4500 | ||
|---|---|---|---|
| 003 | OSt | ||
| 005 | 20230712133441.0 | ||
| 008 | 221006b |||||||| |||| 00| 0 eng d | ||
| 040 | _cBiblioteca Lado V | ||
| 082 |
_a700 _bA681r |
||
| 100 |
_9897 _aArenos, Xavier _eeditor |
||
| 245 | _aRoulotte:08/ | ||
| 260 |
_c2013 _bGrafiques Sola _aCatalunya |
||
| 300 |
_c17x22cm _a192p. |
||
| 490 |
_v2013 _a08 _x2013 4347 |
||
| 505 | _aIn the Desert of Modernity | ||
| 505 | _aKisangani | ||
| 505 | _aMaison Tropicale | ||
| 505 | _aWelcome to Turtle Island | ||
| 505 | _aUNmap/Nube | ||
| 505 | _aSudsee | ||
| 505 | _aThe Geopolitics of Art as Querelle | ||
| 700 | _aPeran, Marti | ||
| 942 |
_2ddc _c1 _h700 _iA681r _n0 |
||
| 999 |
_c4043 _d4043 |
||